| 000 | 00726nam a2200193 a 4500 | ||
|---|---|---|---|
| 005 | 20210223122513.0 | ||
| 008 | 991125s1973 mx 000 0 spa u | ||
| 035 | _aUPN01000036760 | ||
| 049 | _aCG | ||
| 050 | 4 |
_aLA2375 E5 _bC6.5 |
|
| 100 | 1 |
_aCossío, Manuel Bartolomé, _d1857-1935 _937469 |
|
| 245 | 1 | 0 |
_aManuel B. Cossío : _bcartas inéditas, necrologías y otros escritos / _cManuel B. Cossío ; selec. y notas de Rubén Landa. |
| 260 |
_aMéxico : _bColegio Español de México : _bInstituto L. Vives, _c1973. |
||
| 300 | _a192 p. | ||
| 500 | _a"Fondo histórico médico Doctor Germán Somolinos" | ||
| 600 | 1 | 4 |
_aCOSSIO, MANUEL BARTOLOME, _d1858-1935 _911330 |
| 700 | 1 |
_aLanda, Rubén, _d1890- , _ecomp. |
|
| 905 | _aLibro | ||
| 999 |
_c36760 _d36760 |
||